000
00276nam a22001337a 4500
008
210430b ||||| |||| 00| 0 eng d
041
_a
eng
080
_2
2nd
_a
101
082
_a
101
100
_a
24
101
_a
FE
245
_a
Doing Ethics
_c
Vaughin,L
942
_2
udc
_c
BK
999
_c
57048
_d
57048